| 000 | 01145 a2200289 4500 | ||
|---|---|---|---|
| 999 |
_c10430 _d10430 |
||
| 020 | _a9780123838360 (hbk.) | ||
| 020 | _a0123838363 (hbk.) | ||
| 050 | 0 | 0 | _aQP357.5 MAT 2014 |
| 100 |
_a Wallisch, Pascal, _d1978- _eauthor |
||
| 245 | 0 | 0 |
_aMATLAB for neuroscientists : _ban introduction to scientific computing in MATLAB / _cPascal Wallisch [and five others]. |
| 250 | _a2nd edition. | ||
| 264 | 1 |
_aAmsterdam : _bAcademic Press, _c♭2014 |
|
| 300 |
_axx, 550 pages : _billustrations (some color) ; |
||
| 500 | _aIncludes bibliographical references and index. | ||
| 504 | _aIncludes bibliographical references and index. | ||
| 650 | 0 |
_aNeurosciences _xData processing. |
|
| 650 | 0 |
_aNumerical analysis _xComputer programs. |
|
| 650 | 0 |
_aComputer science _xMethodology. |
|
| 650 | 0 | _aNeurosciences. | |
| 700 | 1 |
_a Benayoun, Marc D _eauthor. |
|
| 700 | 1 |
_a Lusignan, Michael E. _eauthor |
|
| 700 | 1 |
_aBaker, Tanya I _eauthor |
|
| 700 | 1 |
_aDickey, Adam S _eauthor |
|
| 700 | 1 |
_aHatsopoulos, Nicholas G _eauthor |
|
| 942 |
_2lcc _cBK _h357.5 _iMAT _kQB |
||